Geography Questions #16: Country by Population Part 2 - Statistics

General Stats
  • This quiz has been taken 57 times
  • The average score is 8 of 10
Answer Stats
Population Country % Correct
80,781,000 Germany
96%
66,019,000 France
91%
119,713,203 Mexico
91%
87,264,500 Egypt
89%
77,792,200 Iran
85%
89,708,900 Vietnam
83%
76,667,864 Turkey
81%
100,346,000 Philippines
78%
69,360,000 Democratic Republic of the Congo
76%
87,952,991 Ethiopia
65%
No matching quizzes found
Score Distribution
Percent of People with Each Score
Percentile by Number Answered
Your Score History
You have not taken this quiz